000
00338nam a2200133Ia 4500
008
231129s2016||||xx |||||||||||||| ||spa||
020
_a
978-958-8948-26-3
082
_a
863.5 E571v
100
_a
Engel Patricia.
245
0
_a
Vida
260
_c
2016
264
_a
Bogotá: Alfaguara
942
_2
ddc
_c
BKS
999
_c
26253
_d
26253